| 000 | 01313cad a22002055a 4500 | ||
|---|---|---|---|
| 001 | L156978 | ||
| 008 | 120803s2012 xxk 000 0 eng d | ||
| 035 | _a(Sirsi) u156978 | ||
| 041 | 0 | _aeng | |
| 110 | 2 |
_aBNP Paribas Real Estate _95715 |
|
| 245 | 0 | 0 |
_aProperty Report _binvestment in Western Europe - Q2 2012 |
| 260 |
_a[S.l.] _bBNP Paribas _c2012 |
||
| 490 |
_aBNP Paribas Property Report Investment in Western Europe _vJuly 2012 |
||
| 520 | _aAs the Eurozone crisis intensified the decline was slower than anticipated. The total investment volume in Western Europe in Q2 2012 was down 6% on Q2 2011. Risk aversion remains the driving force for investors who stay focused on the less "Eurozone crisis" exposed markets. Investment in retail has slumped to Euros 4.6bn. Office investment constitutes more than half of the total commercial real estate investment volume in Q2 2012. Prime yields have stabilised at a low level and increases are more likely to happen in the riskier markets. | ||
| 590 | _aKA NTK | ||
| 651 | 4 | _aEurope | |
| 690 |
_aCommercial property _96227 |
||
| 856 | 4 | 0 |
_uhttps://www.realestate.bnpparibas.com/bnppre/overview-large-transactions-sustain-volumes-in-key-cities-july-2012-p_1551400 _zView the report after creating an account (free) at www.realestate.bnpparibas.com |
| 942 | _n0 | ||
| 999 |
_c84219 _d84219 |
||